000 00341nam a2200133Ia 4500
008 150201s2000 xx 000 0 und d
082 _a610.73
_bN00C
100 _aCOURTENAY, MALLY
245 _aNURSES PRESCRIBING PRINCIPLES & PRACTICE
260 _bGREENWICH MEDICAL
_aLONDON
_c2000
300 _a142
650 _aNURSING
942 _2ddc
_cBK
999 _c2278
_d2278